Adressing poverty in TB control options for national TB control programmes
Saved in:
| Corporate Author: | |
|---|---|
| Format: | Book |
| Published: |
Geneva
World Health Organization
2005
|
| Subjects: | |
| Tags: |
Add Tag
No Tags, Be the first to tag this record!
|
| LEADER | 00740nam a22001577a 4500 | ||
|---|---|---|---|
| 020 | |a 924159411 x | ||
| 020 | |a 978 9241594110 | ||
| 060 | |a WF 200 | ||
| 110 | |a World Health Organization |9 11 | ||
| 245 | |a Adressing poverty in TB control options for national TB control programmes | ||
| 260 | |a Geneva |b World Health Organization |c 2005 | ||
| 300 | |a 80p. ; | ||
| 650 | |a Tuberculosis - prevention and control |a Tuberculosis - diagnosis |a Tuberculosis - therapy |a Socioeconomic factors |a National health programs |a Health services accessibility |a Intersectoral cooperation |9 965 | ||
| 942 | |2 NLM |c BK | ||
| 952 | |0 0 |1 0 |2 NLM |4 0 |6 WF_200_000000000000000_WHO_2005 |7 0 |9 1385 |a NHRC |b NHRC |c CART |d 2013-02-20 |l 0 |o WF 200/WHO/2005 |r 2013-02-20 |w 2013-02-20 |y BK | ||
| 999 | |c 1347 |d 1347 | ||